II Aplec excursionista i de germanor penedesenca : a Capellades 17 maig 1931 a Capellades 17 maig 1931
Descripción Física:
[12] p. ; 23 cm
Materias:
Excursionisme -- Penedès
MARC
| LEADER | 00000nam a2200000Ia 4500 | ||
|---|---|---|---|
| 001 | 16451 | ||
| 003 | BGR | ||
| 005 | 20260324180145.0 | ||
| 008 | 160829s1931?] xx 000 0 cat d | ||
| 080 | |a 3879, exp. 15 | ||
| 111 | |9 70322 |a Aplec Excursionista i de Germanor Penedesenca |c Capellades: |d 1931) | ||
| 245 | |a II Aplec excursionista i de germanor penedesenca : |b a Capellades 17 maig 1931 | ||
| 260 | |a [S.l. : |b s.n., |c 1931?] | ||
| 300 | |a [12] p. ; |c 23 cm | ||
| 650 | |a Excursionisme |x Penedès |9 48084 | ||
| 901 | |a Arxiu | ||
| 942 | |n 1 |2 udc |c MON | ||
| 952 | |0 0 |1 0 |4 0 |6 3879_EXP_15 |7 1 |9 54313 |a Arxiu |b Arxiu |d 2016-12-01 |l 0 |o 3879, exp. 15 |p 16451 |r 2016-12-01 00:00:00 |w 2016-12-01 |y ARXIU | ||
| 999 | |c 58182 |d 58182 | ||